000 00377 a2200169 4500
001 156647
020 _a851600676X
040 _cEscola São Tomás de Aquino
100 _aBORGES, Rogério
240 1 0 _aFantasmas chateados
_lpor
245 1 0 _aFantasmas chateados
300 _a24
362 0 _a1992
440 1 _aModerna
697 _a*LITERATURA INFANTO
942 _cBK
999 _c156647
_d156647